| 000 | 00757nam a2200205 a 4500 | ||
|---|---|---|---|
| 001 | 000041479 | ||
| 005 | 20201002034927.0 | ||
| 008 | 131007s2003 it abc 001 0 spa d | ||
| 020 | _a8400082052 | ||
| 040 |
_aDO-SdBNP _bspa _cBNPHU |
||
| 082 |
_axxx _bxxx |
||
| 100 | 1 |
_aZamora, José Á. _968167 |
|
| 245 | 1 | 3 |
_aEl hombre fenicio : _bestudios y materiales / _cJosé Á. Zamora. |
| 260 |
_aRoma, Italia : _bConsejo Superior de Investigaciones Científicas _bEscuela Española de Historia y Arqueología en Roma, _c2003. |
||
| 300 |
_a320 p. : _bil., mapas, retrs. ; _c30 cm. |
||
| 490 | 1 |
_aArqueológia _v9 |
|
| 500 | _aIncluye notas y referencias bibliografícas al pie de página | ||
| 504 | _aBibliografía p: 283-297 | ||
| 830 | 0 |
_aArqueológia _v9 _941009 |
|
| 999 |
_c40969 _d40969 |
||